000 01021nam a2200241 i 4500
001 bg
100 1 _aADAMCZYK-ŁOJEWSKA, Grażyna
245 1 0 _aUwarunkowania strukturalne i przestrzenne rozwoju gospodarczego Polski /
_cGrażyna Adamczyk-Łojewska.
260 _aBydgoszcz :
_bWydawnictwa Uczelniane AT-R,
_c2003.
300 _a184 s. :
_bmapy kolor., tab., wykr. ;
_c24 cm.
490 1 _aRozprawy / Akademia Techniczno-Rolnicza im. Jana i Jędrzeja Śniadeckich w Bydgoszczy,
_x0209-0597 ;
_vnr 109
500 _aStreszcz. ang.
504 _aBibliogr. s. 173-180.
650 9 _aRegionalizacja gospodarcza
_zPolska
_yod 1989 r.
651 9 _aKraje Unii Europejskiej
_xgospodarka
_xpolityka
_yod 1989 r.
651 9 _aPolska
_xgospodarka
_xpolityka
_yod 1989 r.
830 0 _aRozprawy (Akademia Techniczno-Rolnicza im. Jana i Jędrzeja Śniadeckich w Bydgoszczy) ;
_vnr 109
040 _cBPK
041 0 _apol
_beng
080 _a338.22(438+4-67)"1989/..."
942 _cKS
008 s pl f |000 0 pol
999 _c45670
_d45670
856 _uhttp://koha.tu.koszalin.pl/cgi-bin/koha/opac-detail.pl?biblionumber=45670
_yKatalog online BPK